000
00308nam a2200133Ia 4500
008
151213s9999 xx 000 0 und d
245
_a
SAS / ETS Users Guide Virson - 6
250
_a
2nd
260
_b
SAS Institution
_c
1995
300
_a
3001 p.
650
_a
Computer
650
_a
Computer
999
_c
2088
_d
2088